000 00743nam a2200253Ia 4500
003 OSt
005 20221006161013.0
006 a|||||r|||| 00| 0
007 ta
008 221006b |||||||| |||| 00| 0 eng d
020 _a9780226767772
024 _a47,089
037 _cTextual
040 _aEASL
_cEASL
_beng
041 _2eng
_aeng
082 _aY15:44.4950j42, P8
100 _aSOH C. Sarah
_9669255
245 0 _aThe comfort women
_b Sexual violence and postcolonial memory in Korea and Japan
260 _aLondon
_bUniversity of Chicago Press
_c2008
300 _a352p.
_ccm.
490 _v KEL
_aWorlds of desire
942 _hY15:44.4950j42, P8
_cTEXL
_2CC
999 _c1115178
_d1115178